Score 0/20 Timer 05:00
2 Plays Today
% Correct
Michael Jackson
98%
Johnny Depp
96.3%
Justin Bieber
96%
Elton John
96%
John Lennon
93.5%
Tom Hanks
92.8%
Bono
90.1%
Justin Timberlake
87.2%
Kevin Bacon
87%
Ashton Kutcher
83.9%
% Correct
Denzel Washington
77.4%
Ryan Gosling
69.4%
Martin Sheen
64%
Seth Rogen
62.4%
Colin Farrell
56.2%
Jeff Goldblum
54%
Freddie Prinze, Jr.
49.4%
Gary Oldman
38.5%
Zachary Quinto
34.1%
Elvis Costello
33.2%
Remove Ads.
Support Sporcle.
Get the best of Sporcle when you Go Orange. This ad-free experience offers more features, more stats, and more fun while also helping to support Sporcle. Thank you for becoming a member.

You're not logged in!

Compare scores with friends on all Sporcle quizzes.
OR
Log In

Show Comments

Extras

Top Quizzes Today


Score Distribution

Your Account Isn't Verified!

In order to create a playlist on Sporcle, you need to verify the email address you used during registration. Go to your Sporcle Settings to finish the process.

Report this User

Report this user for behavior that violates our Community Guidelines.

Details: